00845 2200301 4500001002100000005001500021035002000036007000300056008004100059020002200100082001500122084001500137245005700152300003400209504002900243710003200272264003700304336002100341337003000362338002300392040002200415850001200437650001700449650001700466990002000483990002000503990002000523INLIS00000000087460020221003031708 a0010-1022000043ta221003s2018 jtia g ind d a978-602-317-218-404223a639.31 a639.31 CAR0 aCara pintar budi daya ikan patin /cTim Agro Mandiri a88 halaman :bgambar ;c20 cm aBibliografi : halaman 882 aTim Agro MandiriePengarang31aSurakarta :bVisi Mandiri,c2018 2rdacontentateks 2rdamediaatanpa perantara 2rdacarrieravolume aYOPDYOGbinderda aYOPDYOG 4aPatin (Ikan) 4aMasakan ikan a69032-PD/A.2022 a69031-PD/A.2022 a69032-PD/A.2022